LEADER 00759cam0-22002771i-450- 001 990006492780403321 005 20070620111253.0 035 $a000649278 035 $aFED01000649278 035 $a(Aleph)000649278FED01 035 $a000649278 100 $a20010426d1966----km-y0itay50------ba 101 0 $aeng 105 $ay-------001yy 200 1 $aPolitics in Africa$e7 Cases$fEdited by Gwendolen M. Carter 210 $aNew York$cBrace & World$d1966 215 $aXII, 283 p.$d22 cm 676 $a320.96$v21$zita 702 1$aCarter,$bGwendolen M. 801 0$aIT$bUNINA$gRICA$2UNIMARC 901 $aBK 912 $a990006492780403321 952 $aXIV E 1148$b13749$fFSPBC 959 $aFSPBC 996 $aPolitics in Africa$9653697 997 $aUNINA LEADER 01595nas 2200361 n 450 001 990009059420403321 005 20240229084620.0 011 $a0169-1015 035 $a000905942 035 $aFED01000905942 035 $a(Aleph)000905942FED01 035 $a000905942 091 $2CNR$aP 00064219 100 $a20161109a19859999km-y0itaa50------ba 101 0 $aeng 102 $aNL 110 $aauu-------- 200 1 $aSpatial vision$eAn international journal of psychophysical, perceptual and cognitive research on the visual processing of spatial information 207 1$a1985- 210 $aUtrecht$cVNU Science Press 452 0$12001$aSpatial vision 530 0 $aSpatial vision 675 $a612.84 801 0$aIT$bACNP$c20090723 859 4 $uhttp://acnp.cib.unibo.it/cgi-ser/start/it/cnr/dc-p1.tcl?catno=42850&person=false&language=ITALIANO&libr=&libr_th=unina1$zBiblioteche che possiedono il periodico 901 $aSE 912 $a990009059420403321 958 $aBiblioteca "Roberto Stroffolini" - Dipartimento di Scienze Fisiche dell'Università Federico II$b1985-1993;$fFI1 959 $aFI1 996 $aSpatial vision$9786199 997 $aUNINA AP1 8 $6866-01$aNA079 Biblioteca "Roberto Stroffolini" - Dipartimento di Scienze Fisiche dell'Università Federico II$eVia Cintia-Monte S. Angelo, 80126 Napoli (NA)$m081.676253;676756;676443$m081.676434$nit AP2 40$aacnp.cib.unibo.it$nACNP Italian Union Catalogue of Serials$uhttp://acnp.cib.unibo.it/cgi-ser/start/it/cnr/df-p.tcl?catno=42850&language=ITALIANO&libr=&person=&B=1&libr_th=unina&proposto=NO